000 00618nam a22002297a 4500
003 UA-OsUOA
001 125125
007 ta
008 20170907b un ||||| |||| 00| 0 ukr d
100 _aОлексюк О. В.
090 _a821.161.2
_bО-53
942 _cBK
040 _aUA-OsUOA
_bukr
_cUA-OsUOA
_dUA-OsUOA
245 _aАрія струмка
_bлірика
300 _a92 с.
955 _a3
041 _aukr
080 _a821.161.2
260 _aХерсон
_bНаддніпряночка
_c2003
650 7 _a82 Література. Літературознавство
_2UDC
999 _c412313
_d412313